Englisch = Deutsch (Vokabeln mit "A") - Statistiken

Allgemein
  • Dieses Quiz wurde 274 mal gespielt
  • Das Durchschnittsergebnis liegt bei 6 aus 11
Antwortstatistiken
Englisch Deutsch % Korrekt
adventurer 🧗‍♂️ Abenteurer /-in
100%
abbey Abtei
100%
address 🏡 Adresse
100%
ape 🙊 Affe
100%
anger management 😡 Aggressionsbewältigung
100%
acronym Akronym | Kurzwort
100%
acupuncture 📍 Akupunktur
100%
Albania 🇦🇱 Albanien
100%
Algeria 🇩🇿 Algerien
100%
alcohol abuse 🍻 Alkoholmissbrauch
100%
(be) alone 👤 allein
100%
Alps 🗻 Alpen
100%
age Alter
100%
age difference Altersunterschied
100%
aluminium Aluminium
100%
(to) accept an offer 👍🏻 Angebot annehmen
100%
arrival Ankunft
100%
(to) accept 🙆 annehmen | akzeptieren
100%
antique antik | Antiquität
100%
antelope Antilope
100%
answer Antwort
100%
apple 🍏 Apfel
100%
apple tree 🌳 Apfelbaum
100%
apple pie 🥧 Apfelkuchen
100%
Arabic 🇸🇦 arabisch
100%
architect 🏗 Architekt /-in
100%
arms 🙋🏼 Arme
100%
Asia 🌏 Asien
100%
ace Ass
100%
assistant 👤 Assistent /-in
100%
asthma Asthma
100%
astronomy 🌌 Astronomie
100%
atmosphere Atmosphäre
100%
attraction 🎡 Attraktion
100%
(to) awake aufwachen | wecken | erwachen
100%
auction 🛠 Auktion | Versteigerung
100%
automaton Automat
100%
author 📙 Autor /-in
100%
axe Axt
100%
applause 👏 Beifall | Applaus
100%
(be) armed bewaffnet
100%
ale 🍻 Dunkelbier
100%
a bit ein bisschen | ein wenig
100%
angel 😇 Engel
100%
(to) acquire 🛍 erwerben | anschaffen
100%
ash 🌋 Esche | Asche
100%
airport Flughafen
100%
against gegen | dagegen
100%
autumn 🍃 Herbst
100%
(to) add hinzufügen | addieren
100%
altitude sickness 😨 Höhenkrankheit | Höhenangst
100%
always immer
100%
air conditioner Klimaanlage
100%
art 🎨 Kunst
100%
art dealer 🖼 Kunsthändler /-in
100%
artificial intelligence 🧠 künstliche Intelligenz
100%
art collector 🖼 Kunstsammler /-in
100%
air 🌬 Luft
100%
Austria 🇦🇹 Österreich
100%
actor 🎦 Schauspieler
100%
aunt 👩 Tante
100%
appointment 🗓 Termin | Verabredung
100%
animal 🐶 Tier
100%
again wieder | erneut
100%
apartment block 🏘 Wohnblock
100%
apartment 🏡 Wohnung
100%
(be) angry 😡 wütend | ärgerlich
100%
arrival time Ankunftszeit
90%
also auch
90%
adult 👨🏽 Erwachsene /-r
90%
art gallery 🖼 Kunstgalerie
89%
accident 🤕 Unfall
89%
attack 🤜 Angriff
86%
Argentina 🇦🇷 Argentinien
86%
afternoon Nachmittag
86%
above 👆 oben | über | oberhalb
86%
angle Winkel | Blickwinkel
86%
agreement 👍🏻 Abkommen | Vereinbarung | Zustimmung
83%
adoption 🤱 Adoption
83%
architecture 🏗 Architektur
83%
astronaut 🚀 Astronaut /-in
83%
(to) ask fragen
83%
art college 🖌 Kunstschule
83%
armchair Sessel
83%
aimless 🤷🏻‍♀️ sinnlos | ziellos
83%
and und
83%
and so on und so weiter
83%
(to) add up zusammenzählen
83%
abortion Abtreibung
80%
Adam's apple 🍏 Adamsapfel
80%
administration Administration | Verwaltung
80%
(be) active ⛹🏿‍♀️ aktiv
80%
albatross 🐦 Albatross
80%
Antarctica 🇦🇶 Antarktis
80%
(to) accomplish ausführen | bewältigen |vollenden | erreichen
80%
Aussie 🌏 Australier /-in
80%
average age Durchschnittsalter
80%
accuracy Genauigkeit
80%
ambulance 🚑 Krankenwagen
80%
air hostess Stewardess
80%
audio recording Tonaufnahme
80%
(be) abnormal unnormal | abnormal
80%
(to) avoid vermeiden
80%
air time 📺 Sendezeit
78%
away weg | fort
78%
accordion 🎶 Akkordeon
75%
acrobat 🤸‍♂️ Akrobat
75%
accent Akzent
75%
alarm system Alarmanlage
75%
aging 👴🏻 Altern | Alterung | Abnutzung
75%
ant 🐜 Ameise
75%
anaesthetist 😷 Anästhesist /-in
75%
Andes 🗻 Anden
75%
(be) anxious ängstlich
75%
anorak 🧥 Anorak
75%
antique dealer 👤 Antiquitätenhändler /-in
75%
(to) annoy 😠 ärgern | stören
75%
article 📦 Artikel | Produkt
75%
ashtray 🚬 Aschenbecher
75%
(to) absorb aufsaugen | absorbieren
75%
application letter 📄 Bewerbungsschreiben
75%
adolescent 👦🏼 Jugendliche(r)
75%
artwork 🖼 Kunstwerk
75%
ammunition 🔫 Munition
75%
area code 📞 Ortsvorwahl | Telefonvorwahl
75%
award 🏆 Preis | Belohnung | Auszeichnung
75%
avenue 🛣 Straße | Allee
75%
astrological sign Tierkreiszeichen | Sternzeichen
75%
amplifier 🔊 Verstärker
75%
(be) anonymous anonym
71%
application 📃 Bewerbung
71%
aid Hilfe
71%
(be) ancient 🧓🏾 sehr alt | altertümlich
71%
Aquarius Wassermann
71%
as always wie immer
71%
acne Akne
67%
antibiotic 💊 Antibiotikum
67%
archaeology 🦕 Archäologie
67%
asbestos Asbest
67%
astronomer Astronom /-in
67%
attention Aufmerksamkeit
67%
application form 📄 Bewerbungsformular | Anmeldeformular
67%
absolutely durchaus | völlig | absolut
67%
attitude Einstellung | Verhalten
67%
aircraft 🛩 Flugzeug
67%
aisle seat 💺 Gangplatz
67%
act of God 🌪 höhere Gewalt
67%
ancestors 🙊 Vorfahren
67%
appetizer 🥗 Vorspeise
67%
arms dealer 🔫 Waffenhändler /-in
67%
(to) await warten | erwarten
67%
advertising campaign Werbekampagne
67%
aim 🎯 Ziel
67%
(be) accessible zugänglich | erreichbar
67%
almost fast
64%
assignment Aufgabe | Auftrag
63%
autograph Autogramm
63%
anti-theft 🔐 Diebstahlsicherung
63%
achievement 🏆 Leistung | Errungenschaft
63%
armor 🛡 Rüstung | Panzer
63%
attic Speicher | Dachboden
63%
announcement 📢 Ankündigung
60%
anomaly Anomalie
60%
apricot Aprikose
60%
auction house 💶 Auktionshaus
60%
annual 🗓 jährlich
60%
airship Luftschiff | Zeppelin
60%
after-shave 🧔🏻 Rasierwasser
60%
(be) available verfügbar | erreichbar
60%
anteater 🐜 Ameisenbär
58%
anecdote Anekdote | Erzählung
57%
archery 🏹 Bogenschießen
57%
average Durchschnitt
57%
anniversary Jahrestag | Jubiläum
57%
antique shop Antiquitätenladen
56%
amnesia 🧠 Gedächtnisverlust | Amnesie
55%
abrupt abrupt | plötzlich
50%
armpit 🙋🏼‍♀️ Achselhöhle
50%
agency 🏢 Agentur
50%
(be) acceptable akzeptabel
50%
assailant 🤜 Angreifer /-in
50%
antihistamine 💊 Antihistamikum
50%
attorney 🤵🏼 Anwalt | Anwältin
50%
apple crumble 🍏 Apfelstreusel
50%
apparatus 🗜 Apparat | Gerät
50%
ark 🛶 Arche
50%
artichoke Artischocke
50%
as well auch | ebenso
50%
appendicitis Blinddarmentzündung
50%
(be) astonished 😲 erstaunt
50%
airman 🛩 Flieger
50%
airwoman 🛩 Fliegerin
50%
ambush Hinterhalt | Überfall
50%
account 🏦 Konto
50%
account manager 👤 Kundenbetreuer /-in
50%
athletics 🏃🏻‍♂️ Leichtathletik
50%
airspace Luftraum
50%
assassination attempt 🔫 Mordanschlag
50%
assault rifle 🔫 Sturmgewehr
50%
among us unter uns
50%
advantage Vorteil
50%
aries Widder
50%
applicant 👤 Bewerber /-in
45%
antiseptic Antiseptikum
44%
(to) amuse amüsieren | unterhalten
43%
assault 👊 Angriff
43%
abroad 🌏 Ausland
43%
(be) amicable 😊 freundlich | liebenswürdig
43%
aisle Gang
43%
awhile Moment | Weile
43%
algae 🍣 Algen
42%
addiction 💊 Abhängigkeit | Sucht
40%
acquisition 🎓 Abschluss | Erwerb
40%
accusation Anklage | Beschuldigung
40%
(to) announce 📢 ankündigen
40%
(to) argue 🗣 argumentieren | diskutieren
40%
attendant 👤 Begleiter /-in | Aufseher /-in
40%
(be) awesome 👍🏻 fantastisch | großartig
40%
audience 👥 Publikum | Zuschauer | Zielgruppe
40%
(to) admit zugeben
40%
awareness Bewusstsein
38%
along entlang
38%
annual fee 💷 Jahresgebühr
38%
Achilles tendon Achillessehne
33%
axis Achse | Axe
33%
attachment Anhang
33%
assumption 🤔 Annahme | Vermutung
33%
artery Arterie
33%
(to) arise aufstehen | ergeben | auftreten
33%
(be) adequately ausreichend | angemessen
33%
abdomen Bauch | Unterleib
33%
accompaniment 👫🏻 Begleitung
33%
acquaintance 👤 Bekannte(r)
33%
admiration 👍🏻 Bewunderung | Anerkennung
33%
appendix Blinddarm
33%
ambassador 👤 Botschafter /-in | Repräsentant /-in
33%
accomplishment Durchführung | Errungenschaft| Vollendung
33%
actually eigentlich | wirklich | tatsächlich
33%
area of expertise Fachgebiet
33%
air traffic controller Fluglotse
33%
appliance 🗜 Gerät
33%
ankle Knöchel | Fußgelenk
33%
avalanche 🌨 Lawine
33%
(be) ambiguous mehrdeutig
33%
anthrax 🔥 Milzbrand
33%
aviator shades 🤓 Pilotenbrille
33%
(to) adorn 🎄 schmücken | verzieren | dekorieren
33%
altercation 💢 Streit | Auseinandersetzung
33%
accommodation Unterbringung
33%
audacity Unverfrorenheit | Dreistigkeit
33%
ahead voran | voraus
33%
alternating current Wechselstrom
33%
(be) accidentally 🔀 zufällig
33%
approval 👍🏻 Zustimmung
33%
(be) arithmetic arithmetisch
30%
archaeologist 🦕 Archäologe | Archäologin
29%
advisor | adviser 🗣 Berater /-in
29%
apprentice 👤 Lehrling | Auszubildende(r)
29%
aviation 🛩 Luftfahrt | Flugwesen
29%
anchovy 🐠 Sardelle
29%
abacus Abakus
25%
absenteeism Abwesenheit | Fehlen | Mangel
25%
acknowledgement 👍🏻 Anerkennung
25%
adaption Anpassung | Adaption
25%
answering machine 📱 Anrufbeantworter
25%
ailment 🤒 Erkrankung | Unpässlichkeit
25%
(to) abide ertragen | aushalten | verweilen
25%
attire 🤵🏼‍♂️ Kleidung | Anzug
25%
asparagus Spargel
25%
atrium Vorhalle | Atrium
25%
advertising agency Werbeagentur
25%
advertising executive 👤 Werbeberater /-in
25%
(be) accredited akkreditiert | zugelassen
22%
advance Fortschritt | Verbesserung |Vorsprung
22%
assassin 🔪 Mörder /-in
22%
alteration Änderung | Wandel
20%
animosity Animosität | Feindlichkeit
20%
approach Annäherung
20%
apathy 🤷🏻‍♀️ Apathie | Gleichgültigkeit
20%
antler 🦌 Geweih
20%
(to) abuse missbrauchen | misshandeln
20%
(be) apparently 😨 offensichtlich
20%
audition Vorsprechen | Probespiel
20%
aniseed Anis
17%
asthmatic Asthmatiker /-in
17%
(to) accompany begleiten
17%
accountant 📙 Buchhalter /-in
17%
alder 🌳 Erle
17%
agriculture 🚜 Landwirtschaft
17%
answer phone 📱 Anrufbeantworter
14%
(to) assess einschätzen | schätzen | beurteilen
14%
activity Tätigkeit
14%
assembly 👥 Versammlung
14%
accessory 💍 Zubehör | Accessoire
14%
(be) able fähig | begabt | kompetent
13%
actuary 👤 Versicherungsstatistiker /-in
13%
attendance Anwesenheit | Teilnahme
11%
(to) abduct entführen
11%
accord 👐 Abmachung | Vereinbarung| Abkommen
0%
(be) abhorrent abscheulich | abstoßend
0%
aberration Abweichung
0%
(be) acute akut
0%
alto 🎶 Altist /-in
0%
alloy Aluminium
0%
(be) acclaimed angesehen
0%
(to) accumulate 📚 anhäufen | ansammeln
0%
allusion Anspielung | Andeutung
0%
aerial Antenne
0%
(to) abolish aufheben | beseitigen
0%
abandonment Aufhebung
0%
apprehension 😨 Befürchtung | Besorgnis
0%
aptitude Begabung
0%
(be) abuzz 🤩 begeistert
0%
authorities Behörden
0%
anxiety 😨 Beklemmung | Unbehagen | Sorge
0%
(be) abusive 🤬 beleidigend | ausfällig
0%
anesthetic 💉 Betäubungsmittel
0%
assessment Beurteilung | Bewertung | Gutachten
0%
adorability 😊 Charme | Liebreiz
0%
(be) ambitious 💪 ehrgeizig
0%
assiduity Eifer | Fleiß
0%
absence 🗺 Entfernung
0%
accommodate Entgegenkommen | Erfüllung
0%
(to) adept erfahren
0%
achiever 👤 Erfolgsmensch
0%
addendum Ergänzung | Zusatz
0%
appearance Erscheinung
0%
ability Fähigkeit | Begabung
0%
airfare 💶 Flugpreis
0%
antenna Fühler
0%
athlete's foot 🍄 Fußpilz
0%
adversary 🤼‍♂️ Gegner
0%
(be) amber 🟡 gelb
0%
anosmia 👃 Geruchssinnsverlust
0%
acumen 💼 Geschäftssinn | Scharfsinn
0%
assault & battery 🤕 Gewaltanwendung & Körperverletzung
0%
asset Gewinn | Vorteil | Vorzug
0%
alopecia 💇🏻‍♂️ Haarausfall
0%
apparel 👗 Kleidung
0%
(be) audacious kühn | dreist
0%
(be) affectionate liebevoll | herzlich
0%
acre 🌅 Morgen
0%
aftershock Nachbeben
0%
(to) agonize quälen
0%
accountancy Rechnungswesen
0%
appeal 😘 Reiz | Anziehungskraft
0%
apron Schürze
0%
adultery 💔 Seitensprung
0%
aerosol Spraydose
0%
(be) actual tatsächlich | konkret
0%
abundance Überfluss
0%
(be) unanticipated unerwartet
0%
approximately ungefähr
0%
advocate 👤 Verfechter /-in
0%
(to) abandon verlassen
0%
(to) adjourn vertagen | verschieben
0%
appreciation 👍🏻 Wertschätzung | Dankbarkeit
0%
atonement Wiedergutmachung | Buße
0%
(be) absent-minded zerstreut
0%
affection Zuneigung
0%
Keine übereinstimmenden Quizze gefunden
Verteilung der Resultate
Anzahl Personen mit jedem Resultat
Perzentil nach korrekt beantworteten Fragen
Ihre Resultats-Entwicklung
Sie haben dieses Quiz noch nicht gespielt